Η επικαιρότητα του μαρξισμού : εκατό χρόνια μετά το θάνατο του Κ. Μαρξ : διεθνής συνάντηση για τα εκατό χρόνια από το θάνατο του Καρλ Μαρξ, Κέντρο Μαρξιστικών Σπουδών (ΚΜΑΣ), Πάντειος, 8-10 Απριλίου 1983

Αποθηκεύτηκε σε:
Λεπτομέρειες βιβλιογραφικής εγγραφής
Συγγραφή απο Οργανισμό/Αρχή: Κέντρο Μαρξιστικών Σπουδών
Μορφή: Βιβλίο
Γλώσσα:Greek
Δημοσίευση: Αθήνα : Θεμέλιο, 1984.
Θέματα:
Ετικέτες: Προσθήκη ετικέτας
Δεν υπάρχουν, Καταχωρήστε ετικέτα πρώτοι!

MARC

LEADER 00000cam a2200000 i 4500
001 1/97147
008 950206s1984 gr | ||| |||| ||gre||
035 |l 10010447 
035 |l 10021728 
040 |a GR-MyUa  |b gre  |e AACR2 
041 0 |a gre 
082 7 |a 320.5315   |2 (22) 
082 7 |a 335.4   |2 (22) 
245 0 2 |a Η επικαιρότητα του μαρξισμού :   |b εκατό χρόνια μετά το θάνατο του Κ. Μαρξ : διεθνής συνάντηση για τα εκατό χρόνια από το θάνατο του Καρλ Μαρξ, Κέντρο Μαρξιστικών Σπουδών (ΚΜΑΣ), Πάντειος, 8-10 Απριλίου 1983 /   |c Τσουκαλάς...[κ.α.]. 
260 |a Αθήνα :   |b Θεμέλιο,   |c 1984. 
300 |a 173 σ. ;   |c 21 εκ. 
505 8 |a Τσουκαλάς -- Τσακιράκης -- Βαλερστάιν -- Βάκκα - Χέλερ -- Φεγιέρ -- Σβορώνος -- Ρόγιο -- Λάινεν -- Κύρκος -- Ινγκράο -- Ελευθερίου. 
600 1 0 |a Marx, Karl,   |d 1818-1883. 
650 0 |a Communism  |x Congresses. 
650 0 |a Socialism  |x Congresses. 
710 2 |a Κέντρο Μαρξιστικών Σπουδών. 
852 |a INST  |b CHIOS  |e 19960405  |h 320.5315 ΧΡΟ  |p 005200006070  |q 005200006070  |t BK  |y 0 
852 |a INST  |b LESVOS  |e 20000531  |h 335.4 ΕΠΙ  |p 005100020587  |q 005100020587  |t BK  |y 0 
852 |a INST  |b LESVOS  |e 19950206  |h 335.4 ΕΠΙ  |p 005100022950  |q 005100022950  |t BK  |y 0 
901 |a BIBL1-2000-2 
922 |a 1ΕΛΗ  |b 198807  |c ΠΠ/8114 
970 |z 2000/06/ΔΕΜΕΝΑΓΑΣ (ELIDOC)